The Epic Landmarks of Asia Quiz Stats

 Plays Quiz Updated Jan 19, 2016

Challenge
Share
Tweet
Score 0/20 Timer 08:00
8 Plays Today
% Correct
Great Wall
98.7%
Taj Mahal
98.7%
Mount Everest
78.5%
Mount Fuji
74.7%
Forbidden City
59.3%
Angkor Wat
59%
Petra
54.8%
Petronas Towers
53%
Burj Khalifa
44.2%
Dome of the Rock
36.2%
% Correct
Kaaba
33.7%
Temple of Heaven
20.1%
Red Fort
16.7%
Great Buddha of Kamakura
15.2%
Borobudur
15%
Lotus Temple
10.2%
Potala Palace
8.9%
Shwedagon Pagoda
6.3%
Pamukkale
5.6%
Azadi Tower
3%

You're not logged in!

Compare scores with friends on all Sporcle quizzes.
Join for Free
OR
Log In

You Might Also Like...

Show Comments

Extras

Top Quizzes Today


Score Distribution

Your Account Isn't Verified!

In order to create a playlist on Sporcle, you need to verify the email address you used during registration. Go to your Sporcle Settings to finish the process.

Report this User

Report this user for behavior that violates our Community Guidelines.

Details: